=LDR 00000nam 2200000 4500 =001 INLIS000000000037413 =005 20130612143139 =008 ***********************************Ind** =035 ##$$0010-061300000037413 =041 ##$$a Ind =082 ##$$a 133.8 =090 ##$$a 133.8, Put r =100 ##$$a Putra, Sitiavata Rizema =245 ##$$a Rahasia aura Manausia, Sitiavata Rizema Putra; Editor, Dian Yulianto =260 ##$$a 2011 $b Yogyakarta =300 ##$$a 169 hlm, Ilus, 21 cm =650 ##$$a Telepati =700 ##$$a Yulianto, Dian =850 ##$$a NBPNMAT